| 000 | 00598nam a2200181Ia 4500 | ||
|---|---|---|---|
| 003 | GCL | ||
| 008 | 140319s9999 xx 000 0 ara d | ||
| 040 |
_aGCL / _cGCL |
||
| 082 | 0 | 4 |
_a091.1 _bك ا |
| 100 | 1 | _aكوركيس عواد | |
| 245 | 1 | 0 |
_aاقدم المخطوطات العربية فى مكتبات العالم المكتوبة منذ صدر الاسلام حتى سنة 500 ه / _cكوركيس عواد |
| 260 |
_a[S.N] : _bدار الرشيد ، _c1982 |
||
| 300 | _a243 ص | ||
| 490 | _a | ||
| 650 | 0 | 4 | _aبيليوجرافيات |
| 650 | 0 | 4 | _aالمخطوطات |
| 942 |
_2ddc _cBK |
||
| 999 |
_c53355 _d53355 |
||